000 01209cam a2200313 a 4500
999 _c6440
_d6440
001 2929404
003 OSt
005 20200121124602.0
008 890816s1990 nyu b 001 0 eng
010 _a 89085847
020 _a082321253X
020 _a0823212548 (pbk.)
040 _aDLC
_cDLC
_dDLC
082 0 0 _a121.686
_220
_bSCH 1990
100 1 _aSchweiker, William.
_913223
245 1 0 _aMimetic reflections :
_ba study in hermeneutics, theology, and ethics /
_cby William Schweiker.
260 _aNew York :
_bFordham University Press,
_c1990.
300 _axiii, 267 p. ;
_c24 cm.
504 _aIncludes bibliographical references (p. [249]-263) and index.
650 0 _aImitation.
_913224
650 0 _aHermeneutics.
_913225
650 0 _aTheology.
_913226
650 0 _aEthics.
_91778
856 4 2 _3Publisher description
_uhttp://www.loc.gov/catdir/enhancements/fy0730/89085847-d.html
856 4 2 _3Contributor biographical information
_uhttp://www.loc.gov/catdir/enhancements/fy1102/89085847-b.html
906 _a7
_bcbc
_corignew
_d2
_eopcn
_f19
_gy-gencatlg
942 _2ddc
_cO_SHELF